Online katalóg knižníc regiónu Turca

Babka gaunerka (Record no. 22651)

MARC details
000 -LEADER
fixed length control field 01602cam a2200433 a 4500
001 - CONTROL NUMBER
control field 22651
003 - CONTROL NUMBER IDENTIFIER
control field SK-KTurca
005 - DATE AND TIME OF LATEST TRANSACTION
control field 20260413165923.0
008 - FIXED-LENGTH DATA ELEMENTS--GENERAL INFORMATION
fixed length control field 160430s2013 xo a cr 000 f slo
015 ## - NATIONAL BIBLIOGRAPHY NUMBER
National bibliography number SNBA2014/02
020 ## - INTERNATIONAL STANDARD BOOK NUMBER
International Standard Book Number 9788055607863 (viaz.)
040 ## - CATALOGING SOURCE
Original cataloging agency PPPK
Language of cataloging slo
Transcribing agency PPPK
Modifying agency SNK
Description conventions AACR2
041 1# - LANGUAGE CODE
Language code of text/sound track or separate title slo
Language code of original eng
044 ## - COUNTRY OF PUBLISHING/PRODUCING ENTITY CODE
MARC country code xo
ISO country code SK
072 #7 - SUBJECT CATEGORY CODE
Subject category code 821.111-3
Subject category code subdivision Anglická próza, anglicky písaná
Source konspekt
072 #7 - SUBJECT CATEGORY CODE
Subject category code 821-93
Subject category code subdivision Literatúra pre deti a mládež (beletria)
Source konspekt
080 ## - UNIVERSAL DECIMAL CLASSIFICATION NUMBER
Universal Decimal Classification number 821.111-31
Edition identifier 2001
080 ## - UNIVERSAL DECIMAL CLASSIFICATION NUMBER
Universal Decimal Classification number (0:82-311.5)
Edition identifier 2001
080 ## - UNIVERSAL DECIMAL CLASSIFICATION NUMBER
Universal Decimal Classification number 821-93
Edition identifier 2001
100 1# - MAIN ENTRY--PERSONAL NAME
Personal name Walliams, David,
Dates associated with a name 1971-
Relationship aut
240 10 - UNIFORM TITLE
Uniform title Gangsta granny
Language of a work Slovensky
245 10 - TITLE STATEMENT
Title Babka gaunerka
Statement of responsibility, etc. David Walliams ; ilustroval Tony Ross ; z anglického originálu Gangsta granny ... preložila Michaela Hajduková
260 ## - PUBLICATION, DISTRIBUTION, ETC.
Place of publication, distribution, etc. Bratislava
Name of publisher, distributor, etc. Slovart
Date of publication, distribution, etc. 2013
300 ## - PHYSICAL DESCRIPTION
Extent 292 s.
Other physical details ilustr.
Dimensions 20 cm
500 ## - GENERAL NOTE
General note Na obale: Najobľúbenejšia detská kniha Veľkej Británie roku 2013
521 1# - TARGET AUDIENCE NOTE
Target audience note Pre čitateľov od 9 rokov
655 #7 - INDEX TERM--GENRE/FORM
Genre/form data or focus term anglické romány
Source of term SNKPH
655 #7 - INDEX TERM--GENRE/FORM
Genre/form data or focus term humoristické romány
Source of term SNKPH
655 #7 - INDEX TERM--GENRE/FORM
Genre/form data or focus term literatúra pre deti
Source of term SNKPH
655 #7 - INDEX TERM--GENRE/FORM
Genre/form data or focus term English fiction
Source of term SNKPHeng
655 #7 - INDEX TERM--GENRE/FORM
Genre/form data or focus term Humorous novels
Source of term SNKPHeng
655 #7 - INDEX TERM--GENRE/FORM
Genre/form data or focus term Children’s literature
Source of term SNKPHeng
700 1# - ADDED ENTRY--PERSONAL NAME
Personal name Ross, Tony,
Dates associated with a name 1938-
Relationship ill
700 1# - ADDED ENTRY--PERSONAL NAME
Personal name Hajduková, Michaela
Titles and other words associated with a name (prekladateľka)
Relationship trl
700 1# - ADDED ENTRY--PERSONAL NAME
Relationship information Pokračovanie:
Personal name Walliams, David,
Dates associated with a name 1971-
Title of a work Babka gaunerka opäť v akcii!
942 ## - ADDED ENTRY ELEMENTS (KOHA)
Source of classification or shelving scheme Dewey Decimal Classification
Koha item type Krásna literatúra pre deti
Suppress in OPAC No
Holdings
Stav vyradenia Strata Poškodenie Spôsob nadobudnutia Domovská knižnica Aktuálna knižnica Dátum nadobudnutia Total checkouts Čiarový kód exemplára Date due Date last seen Date last checked out Typ exemplára
      Dar Mestská knižnica Turany Mestská knižnica Turany 13.04.2026 1 4712401320 13.05.2026 13.04.2026 13.04.2026 Krásna literatúra pre deti
Projekt je podporený Slovenskou asociáciou knižníc
Prevádzkuje Turčianska knižnica Martin 2026